| 000 | 00559nam a2200205 i 4500 | ||
|---|---|---|---|
| 001 | bg | ||
| 245 | 0 | 0 |
_aAutodesk Inventor 11 pierwszy projekt / _cAutodesk. |
| 260 |
_aWarszawa : _bAutodesk, _ccop. 2006. |
||
| 300 |
_aIV, 175 s. : _bil. ; _c24 cm + _edysk optyczny CD-ROM. |
||
| 650 | 9 | _aInventor | |
| 650 | 9 |
_aProjektowanie _xoprogramowanie |
|
| 650 | 9 | _aAutoCAD | |
| 655 | _aPodręczniki | ||
| 040 | _cBPK | ||
| 041 | _apol | ||
| 044 | _aPOL | ||
| 080 | _a004.42:004.4'27:004.92](07):621 | ||
| 942 | _cKS | ||
| 008 | 090528s2006 pl a |000 0 pol | ||
| 999 |
_c56416 _d56416 |
||